000 02359cam a2200277 4500500
005 20260322010854.0
041 _afre
042 _adc
100 1 0 _aFondacci, Alain
_eauthor
245 0 0 _aLe passé joué par la matière
260 _c2025.
500 _a33
520 _aL’auteur, à partir de Winnicott, insiste sur les conduites du corps en séances conçues comme des mémoires archaïques au travail, actualisées, en attente de récit. « Les parcelles des techniques de soin » de Winnicott, qu’il faut rechercher, témoignent du sort qui fut réservé aux qualités de médium malléable, et de la persistance d’états traumatiques de non-intégration, dans les situations limites. Elles se présentent par les sens, jusqu’à l’hallucinose, et réclament, elles aussi, leur part d’histoire.
520 _aDrawing on Winnicott, the author lays emphasis on body behaviour during sessions, which are conceived as archaic memories at work that are actualized and awaiting narration. Winnicott’s ‘fragments of care technique’, which must be sought out, bear witness to the fate reserved for the qualities of a pliable medium and the persistence of traumatic states of non-integration in borderline situations. They present themselves through the senses, even to the point of hallucinosis, and also demand their share of history.
520 _aPartiendo de Winnicott, el autor insiste en las conductas del cuerpo en sesiones concebidas como memorias arcaicas en acción, actualizadas, que esperan un relato. “Las parcelas de las técnicas de cuidado” de Winnicott, que hay que encontrar, son testigos de la suerte reservada a las cualidades del médium maleable, y de la persistencia de estados traumáticos de no-integración, en situaciones límites. Se presentan a través de los sentidos, hasta la alucinosis, y ellas también demandan su reconocimiento.
690 _aactualisation
690 _aaperception
690 _aconduite
690 _aparcelles de soins
690 _aactualization
690 _aaperception
690 _abehaviour
690 _afragments of treatment
786 0 _nRevue française de psychanalyse | 89 | 5 | 2025-12-19 | p. 1371-1376 | 0035-2942
856 4 1 _uhttps://shs.cairn.info/revue-revue-francaise-de-psychanalyse-2025-5-page-1371?lang=fr&redirect-ssocas=7080
999 _c1760262
_d1760262